01176nam a2200301Ia 450000500170000000800410001702000310005808200180008910000270010724501120013425000390024630000270028549000220031250501240033465000330045865000420049165000380053365000330057170000290060470000420063394200120067526400490068733600270073633700330076333800280079604000350082499900150085920220317001151.0160825s2005 mx g 000 0 spa  a9681654773 (Obra completa)04a980.013bB27h1 aBernand, Carmend1939-10aHistoria del nuevo mundocCarmen Bernand y Serge Gruzinski ; traducción de María Antonia Neira Bigorria a1a. edición b1a. reimpresión  a2 volúmenes c23 cm  aObras de historia avolumen 1. Del descubrimiento a la conquista. La experiencia europea 1492-1550 -- volumen 2. Los mestizajes (1550-1640)142LEMBaMestizaje zAmérica 142LEMBaAmérica xHistoria ySiglo XV142LEMBaAmérica xDescubrimiento 142LEMBaAmérica xConquista 1 aGruzinski, Serge 9671141 aNeira Bigorra, María Antonia967115 2ddccBK aMéxicobFondo de Cultura Económicac2005 atextobtxt2rdacontent asin mediaciónbn2rdamedia avolumenbnc2rdacarrier aCO-BoRNBPbspaerdacCO-BoRNBP c6134d6134